Films japonais par images - Statistiques

Statistiques générales
  • Ce quiz a été pris 64 fois
  • Le résultat moyen est 7 sur 16
Statistiques - réponses
Par images Réponse % Correct
Godzilla
89%
Le Voyage de Chihiro
84%
Les sept samouraïs
74%
Akira
68%
Ghost in the Shell
58%
Voyage à Tokyo
49%
Hana-bi
46%
L'Empire des sens
46%
Tetsuo
30%
Une affaire de famille
30%
Audition
28%
Les Contes de la lune vague après la pluie
19%
Tampopo
19%
La Femme des sables
16%
Nuages flottants
7%
Shara
7%
Aucun quiz correspondant
Distribution des résultats
% des personnes avec chaque résultat
Percentile par nombre de réponses
Votre historique - résultats
Vous n’avez pas pris ce quiz